Goodbye lemon

Bibliographic Details
Main Author: Davies, Adam
Format: Book
Published: London : Penguin Group , 2006
Subjects:

MARC

LEADER 00000cam a2200000 7i4500
001 0000007745
005 20070920.0
008 070906
020 |a 1594480710 
090 0 0 |a DAV   |b ENG 
100 1 |a Davies, Adam 
245 1 0 |a Goodbye lemon   |c Adam Davies 
260 |a London :   |b Penguin Group ,   |c 2006 
650 0 |a Domestic fiction 
650 0 |a English fiction 
650 0 |a Fathers and sons   |x Fiction 
650 0 |a Novel 
999 |a 0000991346   |b Book   |c Adult Collection   |e Perbadanan Perpustakaan Awam Johor